000 00942nam a22002777a 4500
005 20110427151438.0
008 110427t xxu||||| |||| 00| 0 eng d
010 _aENG-102351
020 _a9788175332676
_c895.00
035 _aEN-85884
037 _bDBAD/PUB
040 _aDPL
_bENG
082 _a323.154
100 _927456
_aGupta, Vijay Kumar
245 _aSouth Asian colloquium on human rights and development /
_cby Vijay Kumar Gupta
260 _aNew Delhi
_bMD Publications
_c2010
270 _a"MD House", 11, Darya Ganj
_bNew Delhi
_e110002
_k91-11-45355555
_mcontact@mdppl.com
300 _ax,274 p.
_c22cm (Hb)
610 _927464
650 _927465
651 _927466
700 _927451
710 _927453
942 _2ddc
_cEN
_h323.154
_mGUP
999 _c51970
_d51970